Statistics for Random Asian Countries Map Quiz

Click here to take the quiz!

General Stats

  • This quiz has been taken 16 times
  • The average score is 14 of 15

Answers on the Map

Answers color-coded by a green-red scale on the quiz's map according to % correct below.
 

Answer Stats

Answer% Correct
Afghanistan
100%
Armenia
100%
Bangladesh
100%
Bhutan
100%
Brunei
100%
Cambodia
100%
China
100%
Cyprus
100%
India
100%
Indonesia
100%
Iran
100%
Japan
100%
Jordan
100%
Kazakhstan
100%
Kyrgyzstan
100%
Lebanon
100%
Malaysia
100%
Myanmar
100%
Nepal
100%
North Korea
100%
Oman
100%
Philippines
100%
Singapore
100%
South Korea
100%
Syria
100%
Taiwan
100%
Tajikistan
100%
Turkey
100%
Turkmenistan
100%
United Arab
Emirates
100%
Vietnam
100%
Yemen
100%
Saudi Arabia
83%
Bahrain
80%
Iraq
80%
Laos
80%
Uzbekistan
80%
Georgia
75%
Kuwait
75%
Maldives
75%
Mongolia
75%
Sri Lanka
75%
East Timor
67%
Israel
67%
Pakistan
67%
Thailand
67%
Azerbaijan
60%
Qatar
50%

Score Distribution

Percentile by Number Answered

Percent of People with Each Score

Your Score History

You have not taken this quiz